مكتبة جامعة عجلون الوطنية

فهرس بحث المكتبة

Normal view MARC view
  • الشعراء العرب-الشعر العربي-تراث عربي- تاريخ و نقد -المتنبي

Entry Topical Term

Number of records used in: 1

001 - CONTROL NUMBER

  • control field: 17088

003 - CONTROL NUMBER IDENTIFIER

  • control field: JO-AjAnu

005 - DATE AND TIME OF LATEST TRANSACTION

  • control field: 20230606073026.0

008 - FIXED-LENGTH DATA ELEMENTS

  • fixed length control field: 230606|| aca||aabn | a|a d

040 ## - CATALOGING SOURCE

  • Original cataloging agency: JO-AjAnu
  • Transcribing agency: JO-AjAnu

150 ## - HEADING--TOPICAL TERM

  • Topical term or geographic name entry element: الشعراء العرب-الشعر العربي-تراث عربي- تاريخ و نقد -المتنبي

670 ## - SOURCE DATA FOUND

  • Source citation: Work cat.: (JO-AjAnu)8772: الجرجاني،أبي الحسن علي بن عبد العزيز تأليف/صبحي،محي الدين دراسة, author 17087, المختار من الوساطة بين المتنبي وخصومه